<?xml version="1.0" encoding="UTF-8"?>
<record
    xmlns:xsi="http://www.w3.org/2001/XMLSchema-instance"
    xsi:schemaLocation="http://www.loc.gov/MARC21/slim http://www.loc.gov/standards/marcxml/schema/MARC21slim.xsd"
    xmlns="http://www.loc.gov/MARC21/slim">

  <leader>01263nam a22002057a 4500</leader>
  <controlfield tag="005">20230324125916.0</controlfield>
  <controlfield tag="008">230106b           ||||| |||| 00| 0 eng d</controlfield>
  <datafield tag="020" ind1=" " ind2=" ">
    <subfield code="a">9789386062161</subfield>
  </datafield>
  <datafield tag="040" ind1=" " ind2=" ">
    <subfield code="c">AL</subfield>
  </datafield>
  <datafield tag="041" ind1=" " ind2=" ">
    <subfield code="a">eng</subfield>
  </datafield>
  <datafield tag="082" ind1=" " ind2=" ">
    <subfield code="2">23</subfield>
    <subfield code="a">302.30285</subfield>
    <subfield code="b">DAYM</subfield>
  </datafield>
  <datafield tag="100" ind1=" " ind2=" ">
    <subfield code="a">Manoj Dayal</subfield>
    <subfield code="9">68760</subfield>
  </datafield>
  <datafield tag="245" ind1=" " ind2=" ">
    <subfield code="a">Media Metrics</subfield>
    <subfield code="b">An introduction to qualitative research in mass communication</subfield>
  </datafield>
  <datafield tag="260" ind1=" " ind2=" ">
    <subfield code="a">New Delhi</subfield>
    <subfield code="b">Sage</subfield>
    <subfield code="c">2017</subfield>
  </datafield>
  <datafield tag="300" ind1=" " ind2=" ">
    <subfield code="a">xxiii,458p.</subfield>
    <subfield code="b">PB</subfield>
    <subfield code="c">24x18.5cm.</subfield>
  </datafield>
  <datafield tag="365" ind1=" " ind2=" ">
    <subfield code="2">General</subfield>
    <subfield code="a">IN-8062</subfield>
    <subfield code="c">&#x20B9;</subfield>
    <subfield code="d">&#x20B9;425.00</subfield>
    <subfield code="e">0%</subfield>
    <subfield code="f">26-12-2022</subfield>
    <subfield code="b">&#x20B9;425.00</subfield>
  </datafield>
  <datafield tag="520" ind1=" " ind2=" ">
    <subfield code="a">Media metrics&#x201D; is the use of statistics and mathematics in media research. This book largely explains scientific methods of data collection and analysis to achieve useful results from quantitative media data. It effectively describes the crucial relationship between key media forces such as print and electronic media, corporate communication and public relations, advertising, development communication, web and traditional media, and so on. It guides the readers to understanding the challenges of media measurement, its quantification, datafication and assessment, and helps in developing skills of media audience analysis.</subfield>
  </datafield>
  <datafield tag="650" ind1=" " ind2=" ">
    <subfield code="2">Online Social Media</subfield>
    <subfield code="a">Mass Communication</subfield>
    <subfield code="9">68761</subfield>
  </datafield>
  <datafield tag="942" ind1=" " ind2=" ">
    <subfield code="2">ddc</subfield>
    <subfield code="c">BK</subfield>
  </datafield>
  <datafield tag="999" ind1=" " ind2=" ">
    <subfield code="c">226304</subfield>
    <subfield code="d">226304</subfield>
  </datafield>
  <datafield tag="952" ind1=" " ind2=" ">
    <subfield code="0">0</subfield>
    <subfield code="1">0</subfield>
    <subfield code="2">ddc</subfield>
    <subfield code="4">0</subfield>
    <subfield code="7">0</subfield>
    <subfield code="8">MAJMC</subfield>
    <subfield code="a">SACPG</subfield>
    <subfield code="b">SACPG</subfield>
    <subfield code="d">2023-01-06</subfield>
    <subfield code="e">Amazon</subfield>
    <subfield code="g">425.00</subfield>
    <subfield code="l">0</subfield>
    <subfield code="o">302.30285 DAYM</subfield>
    <subfield code="p">PG024145</subfield>
    <subfield code="r">2023-01-06 00:00:00</subfield>
    <subfield code="v">425.00</subfield>
    <subfield code="w">2023-01-06</subfield>
    <subfield code="y">BK</subfield>
  </datafield>
</record>
